000 00590nam a2200181 i 4500
001 142539
003 ES-MaACL
005 20230906200542.0
007 t|
008 071005s1966 sp ||||1| spa d
100 1 _aWittmann, Heinrich.
_9117194
245 1 0 _aCómo invertir y ganar dinero con los sellos /
_cHeinrich Wittmann ; traducido por Fernando Martínez Westerhausen.
260 _aMadrid :
_bIbérica-Europea,
_c1966.
300 _a174 p. ;
_c19 cm.
650 _aSellos de correos.
_917031
700 1 _aMartínez Westerhausen, Fernando.
_978482
852 _aES-MaACL
_jC-31127
999 _c142539
_d142539